South Bend Int. Airport Destinations (South Bend, IN, USA) - Map - Statistics

General Stats
  • This quiz has been taken 25 times
  • The average score is 16 of 17
Answers on the Map
Answers color-coded by a green-red scale on the quiz's map according to % correct below.
 
Answer Stats
Destination % Correct
Atlanta
100%
Charlotte
100%
Chicago (O'Hare)
100%
Dallas/Fort Worth
100%
Detroit
100%
Las Vegas
100%
Minneapolis/St. Paul
100%
Orlando
100%
Orlando/Sanford
100%
Phoenix/Mesa
100%
Washington (Dulles)
100%
Fort Lauderdale
90%
Fort Myers
90%
St. Petersburg/Clearwater
90%
Knoxville
85%
Sarasota
80%
Punta Gorda (FL)
45%
No matching quizzes found
Score Distribution
Percent of People with Each Score
Percentile by Number Answered
Your Score History
You have not taken this quiz